| 000 | 00382nam a2200133 4500 | ||
|---|---|---|---|
| 020 | _a968-18-0628-X | ||
| 050 | _aTJ260 W464 | ||
| 082 | _a660.284 2 W621t | ||
| 100 | _aWelty James R. | ||
| 245 | _aTransferencia de calor aplicada a la ingenieria./James R. Welty J | ||
| 260 | _aMexico:Limusa | ||
| 300 | _a537p./25cm. | ||
| 650 | _a1.TRANSFERENCIA DE CALOR APLICADA A LA INGENIERIA. | ||
| 999 |
_c24294 _d24294 |
||